Infodiversidad
| Autor Corporativo: | |
|---|---|
| Formato: | Electrónico Seriadas |
| Lenguaje: | español inglés portugués |
| Publicado: |
Buenos Aires :
Sociedad de Investigaciones Bibliotecológicas,
1999-
|
| Materias: | |
| Acceso en línea: | Full text available from PRISMA Database with HAPI Index: 01/01/2003 to 01/31/2006 |
MARC
| LEADER | 00000nas a2200000 a 4500 | ||
|---|---|---|---|
| 001 | ssj0037230 | ||
| 003 | WaSeSS | ||
| 005 | 20200512172242.0 | ||
| 006 | m d | ||
| 007 | cr n | ||
| 008 | 000912d19992013ag ar s 0 0spa c | ||
| 010 | |a 00248393 | ||
| 015 | |a 021032661 |2 dnb | ||
| 016 | 7 | |a 2031229-5 |2 DE-600 | |
| 016 | 7 | |a 021032661 |2 DE-101 | |
| 022 | |l 1514-514X |y 1514-514X | ||
| 035 | |a (WaSeSS)ssj0037230 | ||
| 040 | |a NYP |b eng |c NYP |d IXA |d DLC |d OCLCQ |d GBVCP |d OCLCQ |d OCLCF |d OCLCO |d OCLCA |d RDF |d ZAS |d DLC |d WaSeSS | ||
| 041 | 0 | |a spa |a eng |a por | |
| 042 | |a pcc | ||
| 043 | |a s-ag--- |a cl----- | ||
| 050 | 0 | 0 | |a Z765.A1 |b I54 |
| 245 | 0 | 0 | |a Infodiversidad |h [electronic resource]. |
| 260 | |a Buenos Aires : |b Sociedad de Investigaciones Bibliotecológicas, |c 1999- | ||
| 310 | |a Annual | ||
| 362 | 1 | |a Vol. 1 (1999); ceased with: No. 19 (Año 2013). | |
| 506 | |a License restrictions may limit access. | ||
| 515 | |a Two v. published in 2003. | ||
| 546 | |a Text primarily in Spanish, some articles in English or Portuguese; abstracts in English and Spanish. | ||
| 588 | |a Latest issue consulted: Vol. 6 (2003). | ||
| 650 | 0 | |a Library science |z Argentina |v Periodicals. | |
| 650 | 0 | |a Library science |z Latin America |v Periodicals. | |
| 650 | 0 | |a Library science |v Periodicals. | |
| 650 | 0 | |a Libraries |z Latin America |v Periodicals. | |
| 650 | 0 | |a Libraries |v Periodicals. | |
| 650 | 7 | |a Libraries. |2 fast |0 (OCoLC)fst00997341 | |
| 650 | 7 | |a Library science. |2 fast |0 (OCoLC)fst00997916 | |
| 651 | 7 | |a Argentina. |2 fast |0 (OCoLC)fst01205614 | |
| 651 | 7 | |a Latin America. |2 fast |0 (OCoLC)fst01245945 | |
| 655 | 0 | |a Electronic journals. | |
| 710 | 2 | |a Sociedad de Investigaciones Bibliotecológicas. | |
| 850 | |a DLC | ||
| 856 | 4 | 0 | |z Full text available from PRISMA Database with HAPI Index: 01/01/2003 to 01/31/2006 |u https://search.proquest.com/publication/22023 |